Normal view MARC view

Entry Personal Name

Number of records used in: 2

001 - CONTROL NUMBER

  • control field: 10935

003 - CONTROL NUMBER IDENTIFIER

  • control field: OSt

005 - DATE AND TIME OF LATEST TRANSACTION

  • control field: 20160830130418.0

008 - FIXED-LENGTH DATA ELEMENTS

  • fixed length control field: 160830|| aca||aabn | a|a d

040 ## - CATALOGING SOURCE

  • Original cataloging agency: OSt
  • Transcribing agency: OSt

100 ## - HEADING--PERSONAL NAME

  • Personal name: Bottomley, Cecelia; Rymer, Janice

670 ## - SOURCE DATA FOUND

  • Source citation: Work cat.: (OSt): Bottomley, Cecelia; Rymer, Janice, 100 Cases in Obstetrics and Gynaecology